Ivy League Universities - Sudden Death - Statistics

General Stats
  • This quiz has been taken 52,396 times
    51,765 since last reset
  • The average score is 5 of 8
Answers on the Grid
Answers color-coded by a green-red scale on the quiz's grid according to % correct below.
Amherst
Bowdoin
Brown
Carnegie Mellon
Columbia
Cornell
Dartmouth
Duke
Georgetown
Harvard
MIT
New York University
Northeastern
Northwestern
Notre Dame
Princeton
Rice
Stanford
Swarthmore
Tulane
University of Chicago
University of Pennsylvania
Vanderbilt
Yale
 
Answer Stats
Answer % Correct
Harvard
73%
Brown
69%
Columbia
68%
Cornell
63%
Princeton
59%
Yale
57%
Dartmouth
55%
University of Pennsylvania
40%
No matching quizzes found
Score Distribution
Percent of People with Each Score
Percentile by Number Answered
Your Score History
You have not taken this quiz since the last reset